Largest Cities in China - Statistics

General Stats
  • This quiz has been taken 21 times
  • The average score is 22 of 50
Answer Stats
Rank Population Answer % Correct
2 18,960,744 Beijing
100%
1 22,315,474 Shanghai
100%
7 10,392,693 Wuhan
100%
4 16,096,724 Guangzhou
95%
9 9,600,000 Xi'an
95%
5 16,568,357 Chengdu
90%
13 7,457,599 Chongqing
90%
17 5,242,897 Harbin
80%
10 9,314,685 Nanjing
80%
6 11,090,314 Tianjin
80%
20 4,617,251 Xiamen
80%
3 17,494,398 Shenzhen
75%
11 9,236,032 Hangzhou
70%
14 7,172,451 Qingdao
70%
38 3,093,980 Changsha
65%
31 3,740,000 Fuzhou
65%
40 3,029,372 Urumqi
65%
19 4,913,879 Dalian
55%
29 3,839,800 Nanning
50%
27 3,855,346 Kunming
45%
24 4,253,913 Zhengzhou
45%
18 5,050,000 Hefei
40%
46 2,650,000 Wenzhou
40%
8 9,644,871 Dongguan
35%
15 7,050,000 Shenyang
35%
12 9,042,509 Foshan
30%
22 4,335,989 Jinan
30%
32 3,731,203 Ningbo
30%
30 3,838,900 Shantou
30%
26 3,938,513 Shijiazhuang
30%
37 3,129,228 Zibo
30%
25 4,193,073 Changchun
25%
50 2,350,000 Hohhot
25%
49 2,357,839 Nanchang
25%
16 6,715,559 Suzhou
25%
23 4,303,673 Taiyuan
25%
21 4,396,835 Wuxi
25%
39 3,037,159 Guiyang
20%
41 3,000,000 Lanzhou
20%
44 2,743,843 Linyi
20%
43 2,873,358 Haikou
15%
48 2,494,013 Huai'an
15%
42 2,900,113 Huizhou
15%
45 2,739,887 Baoding
10%
36 3,290,918 Changzhou
5%
35 3,372,102 Tangshan
5%
28 3,841,873 Zhongshan
5%
33 3,590,000 Puyang
0%
34 3,460,000 Shiyan
0%
47 2,612,800 Yunfu
0%
No matching quizzes found
Score Distribution
Percent of People with Each Score
Percentile by Number Answered
Your Score History
You have not taken this quiz